Сиккиэр (Запись № 10860879)

Подробности
000 -МАРКЕР
контрольное поле 01692nam0a2200313 4500
001 - ИДЕНТИФИКАТОР ЗАПИСИ
контрольное поле RU\NLR\BIBL_A\010978955
005 - ИДЕНТИФИКАТОР ВЕРСИИ
контрольное поле 20250624204741.0
035 ## - ДРУГИЕ СИСТЕМНЫЕ НОМЕРА
Идентификатор записи (NLR Aleph) 010978955
100 ## - ДАННЫЕ ОБЩЕЙ ОБРАБОТКИ
Данные общей обработки 20160210d1978 |||y0rusy50 ca
101 0# - ЯЗЫК РЕСУРСА
Язык текста, звукозаписи и т.д. якутский
102 ## - СТРАНА ПУБЛИКАЦИИ ИЛИ ПРОИЗВОДСТВА
Страна публикации Российская Федерация
105 ## - ПОЛЕ КОДИРОВАННЫХ ДАННЫХ: ТЕКСТОВЫЕ МАТЕРИАЛЫ, МОНОГРАФИЧЕСКИЕ
Кодированные данные о монографическом текстовом документе y z 000ay
200 1# - ЗАГЛАВИЕ И СВЕДЕНИЯ ОБ ОТВЕТСТВЕННОСТИ
Основное заглавие Сиккиэр
Сведения, относящиеся к заглавию сэһэн, кэпсээннэр
Первые сведения об ответственности Реас Кулаковскай
210 ## - ПУБЛИКАЦИЯ, РАСПРОСТРАНЕНИЕ И ДР.
Место издания, распространения и т.д. Якутскай
Имя издателя, распространителя и т. д. Саха сиринээҕи кинигэ изд-вота
Дата издания, распространения и т.д. 1978
215 ## - ФИЗИЧЕСКАЯ ХАРАКТЕРИСТИКА
Специфическое обозначение материала и объем 134,(2) c.
Размеры 21
327 ## - ПРИМЕЧАНИЯ О СОДЕРЖАНИИ
Текст примечания Содерж.: Киһи доҕоро : сэһэн ; Дьиэ туттарыыта : кэпсээн ; Сурук : кэпсээн ; Тииспэт-таааспат буоллахха... : кэпсээн ; Булчут кэпсээннэрэ
464 #0 - АНАЛИТИЧЕСКИЙ УРОВЕНЬ
Встроенное поле 2001#$aКиһи доҕоро$eсэһэн
-- 700#1
Заглавие Киһи доҕоро
Автор
464 #0 - АНАЛИТИЧЕСКИЙ УРОВЕНЬ
Встроенное поле 2001#$aДьиэ туттарыыта$eкэпсээн
-- 700#1
Заглавие Дьиэ туттарыыта
Автор
464 #0 - АНАЛИТИЧЕСКИЙ УРОВЕНЬ
Встроенное поле 2001#$aСурук$eкэпсээн
-- 700#1
Заглавие Сурук
Автор
464 #0 - АНАЛИТИЧЕСКИЙ УРОВЕНЬ
Встроенное поле 2001#$aТииспэт-таааспат буоллахха...$eкэпсээн
-- 700#1
Заглавие Тииспэт-таааспат буоллахха...
Автор
464 #0 - АНАЛИТИЧЕСКИЙ УРОВЕНЬ
Встроенное поле 2001#$aБулчут кэпсээннэрэ
-- 700#1
Заглавие Булчут кэпсээннэрэ
Автор
541 1# - ПЕРЕВОД ЗАГЛАВИЯ, СДЕЛАННЫЙ КАТАЛОГИЗАТОРОМ
Заглавие Теплый ветер
Сведения, относящиеся к заглавию повесть, рассказы
Язык заглавия русский
686 1# - ИНДЕКСЫ ДРУГИХ КЛАССИФИКАЦИЙ
Индекс Ш6(2=Я)7-4
700 #1 - ИМЯ ЛИЦА - ПЕРВИЧНАЯ ОТВЕТСТВЕННОСТЬ
Код отношения Автор
Графика поля Кириллица
Материалы, к которым относится поле sah
Начальный элемент ввода Кулаковскай
Часть имени, кроме начального элемента ввода Р. А.
Даты 1914-1993
Расширение инициалов личного имени Реас Алексеевич
Системный номер авторитетной/нормативной записи 197400
Идентификатор авторитетной/нормативной записи RU\NLR\AUTH\770197451
852 ## - МЕСТОНАХОЖДЕНИЕ И ШИФР ХРАНЕНИЯ
Идентификатор организации NLR
Наименование фонда или коллекции (Sub-Location Identifier) ОНЛ
Шифр хранения (Call Number) Якут./3-1820
942 ## - ДОПОЛНИТЕЛЬНЫЕ ЭЛЕМЕНТЫ ЗАПИСИ (АБИС)
Тип экземпляра АБИС Книга
980 ## - КОЛЛЕКЦИЯ
Название коллекции Национальная библиография
Экземпляры
Тип экземпляра Дата поступления Библиотека постоянного хранения Библиотека текущего хранения Место хранения Шифр хранения Штрих-код Статус экземпляра
Книга 10.02.2016 РНБ (Московский) РНБ (Московский) Фонд национальных литератур ОНЛ Якут./3-1820 1-923655